Reinforced concrete designer's handbook, (Record no. 547049)
[ view plain ]
| 000 -LEADER | |
|---|---|
| fixed length control field | 00594cam a2200181 4500 |
| 020 ## - INTERNATIONAL STANDARD BOOK NUMBER | |
| International Standard Book Number | 0721008143 |
| 082 00 - DEWEY DECIMAL CLASSIFICATION NUMBER | |
| Classification number | 624.18341 |
| Author Mark | REY |
| -- | L-38, P-77 |
| 100 1# - MAIN ENTRY--PERSONAL NAME | |
| Personal name | Reynolds, Charles E. |
| 9 (RLIN) | 43177 |
| 245 10 - TITLE STATEMENT | |
| Title | Reinforced concrete designer's handbook, |
| Statement of responsibility, etc. | by Chas E. Reynolds. |
| 250 ## - EDITION STATEMENT | |
| Edition statement | 7th ed. |
| 260 ## - PUBLICATION, DISTRIBUTION, ETC. | |
| Place of publication, distribution, etc. | London, |
| Name of publisher, distributor, etc. | Cement and Concrete Association, |
| Date of publication, distribution, etc. | 1971. |
| 300 ## - PHYSICAL DESCRIPTION | |
| Extent | vi, 362 p. |
| Other physical details | illus. |
| Dimensions | 24 cm. |
| 490 0# - SERIES STATEMENT | |
| Series statement | Concrete series |
| 526 ## - STUDY PROGRAM INFORMATION NOTE | |
| Program name | 0 |
| Interest level | 0 |
| Reading level | 0 |
| Title point value | 624_183410000000000_REY |
| 650 #0 - SUBJECT ADDED ENTRY--TOPICAL TERM | |
| Topical term or geographic name entry element | MCE |
| 9 (RLIN) | 379 |
| 650 #0 - SUBJECT ADDED ENTRY--TOPICAL TERM | |
| Topical term or geographic name entry element | Reinforced concrete construction |
| General subdivision | Handbooks, manuals, etc. |
| 9 (RLIN) | 13093 |
| 942 ## - ADDED ENTRY ELEMENTS (KOHA) | |
| Source of classification or shelving scheme | |
| Koha item type | Book |
| Withdrawn status | Lost status | Source of classification or shelving scheme | Damaged status | Not for loan | Permanent Location | Current Location | Date acquired | Total Checkouts | Full call number | Barcode | Date last seen | Price effective from | Koha item type |
|---|---|---|---|---|---|---|---|---|---|---|---|---|---|
| Military College of Engineering (MCE) | Military College of Engineering (MCE) | 06/27/2014 | 624.18341 REY | MCE-29699 | 06/27/2014 | 06/27/2014 | Book |
